000 00628nam a22002297a 4500
003 UA-OsUOA
001 88923
007 ta
008 20121022b un ||||| |||| 00| 0 ukr d
100 _aГребенка Е.П.
090 _a821.161.2
_bГ79
942 _cBK
040 _aUA-OsUOA
_brus
_cUA-OsUOA
_dUA-OsUOA
245 _aИзбранные произведения
300 _a318 с.
955 _a3
041 _arus
080 _a821.161.2
260 _aК.
_bРадянський письменник
_c1954
650 7 _a82 Література. Літературознавство
_2UDC
999 _c375167
_d375167